Vedik vichardhara ka vaigyanik aadhar (Record no. 397034)

MARC details
000 -LEADER
fixed length control field 00566 a2200205 4500
005 - DATE & TIME
control field 20260513103646.0
008 - FIXED-LENGTH DATA ELEMENTS--GENERAL INFORMATION
fixed length control field 260512b |||||||| |||| 00| 0 eng d
020 ## - ISBN
International Standard Book Number 8170770190
Price Rs. 300.00
040 ## - CATALOGING SOURCE
Original cataloging agency VIVEKANANDA LIBRARY
082 ## - DDC NUMBER
Classification number 294.1
Book Number S13V
100 ## - MAIN ENTRY--PERSONAL NAME
Personal name Sidhantalankar, Satyawart
245 ## - TITLE STATEMENT
Title Vedik vichardhara ka vaigyanik aadhar
260 ## - PUBLICATION, DISTRIBUTION, ETC. (IMPRINT)
Place of publication, distribution, etc Delhi
Name of publisher, distributor, etc Vijaykumar Govindram Hasanand
Date of publication, distribution, etc 2022
300 ## - PHYSICAL DESCRIPTION
Pages 420
650 ## - Subject
Subject Vedas- Scientific Aspects
650 ## - Subject
Subject Vedic Literature
650 ## - Subject
Subject Science in the Vedas
650 ## - Subject
Subject Hindu Philosophy
942 ## - ADDED ENTRY ELEMENTS (KOHA)
Koha item type Books
Holdings
Withdrawn status Lost status Source of classification or shelving scheme Damaged status Not for loan Location (home branch) Sublocation or collection (holding branch) Shelving location Date acquired Koha issues (times borrowed) Koha full call number Accession No. Koha date last seen Koha item type
    Dewey Decimal Classification     VIVEKANANDA LIBRARY VIVEKANANDA LIBRARY Vivekananda Library 11/03/2026   294.1 S13V 438685 11/03/2026 Books
    Dewey Decimal Classification     VIVEKANANDA LIBRARY VIVEKANANDA LIBRARY Vivekananda Library 11/03/2026   294.1 S13V 438686 11/03/2026 Books
© Designed and Maintained by Vivekananda Library, MDU Rohtak